Understanding geographical and environmental education : the role of research

Αποθηκεύτηκε σε:
Λεπτομέρειες βιβλιογραφικής εγγραφής
Άλλοι συγγραφείς: Williams, Michael (Επιμελητής έκδοσης)
Μορφή: Βιβλίο
Γλώσσα:English
Δημοσίευση: London : Cassell, 1996
Σειρά:Cassell education
Θέματα:
Ετικέτες: Προσθήκη ετικέτας
Δεν υπάρχουν, Καταχωρήστε ετικέτα πρώτοι!

MARC

LEADER 00000nam a2200000 i 4500
001 1/80343
008 990507s1996 eng d
020 |a 0-304-33273-9 
035 |l 10050611 
040 |a GR-MY-UA  |b gre  |e aacr 
041 0 |a eng 
082 0 |a 910.71 
245 1 0 |a Understanding geographical and environmental education :  |b the role of research /  |c edited by Michael Williams 
260 |a London :   |b Cassell,   |c 1996 
300 |a 306 p.;  |b ill.;  |c 25 cm. 
490 1 |a Cassell education 
650 0 0 |a Environmental sciences  |x Study and teaching. 
650 0 0 |a Environmental education. 
650 0 0 |a Geography  |x Study and teaching. 
700 1 |a Williams, Michael.  |4 edt 
830 0 |a Cassell education 
852 |a INST  |b LESVOS  |e 19990722  |h 910.71 UND  |p 005100019805  |q 005100019805  |t BK  |y 0 
852 |a INST  |b RHODES  |e 19990507  |h 910.71 UND  |p 005400015311  |q 005400015311  |t BK  |y 0 
901 |a BIBL4-1999-2 
909 |a Ρ  |b 064929  |c 1999 
909 |a Λ  |b 062806 
922 |a 4ΕΛΗ  |b 199903  |d LEADER 
922 |a 1ΕΛΗ  |b 199812  |c ΚΠΣ/ΤΓ  |d LEADER 
950 |a  118-1998-10-19